000 00508nam a2200193 a 4500
001 1775634810659
003 YourLibrary
005 20260408132851.0
008 260408s2008##################000#0#eng##
020 _a9788170121091
082 0 4 _a348.5404605
_bSUR
100 1 _aMalik, Surendra,
_eauthor.
245 1 0 _aSupreme Court Yearly Digest, 2007 :
260 _c2008.
300 _a1421 pages
650 0 _aLaw reports, digests, etc.
942 _cENGLISH
040 _aYourLibrary
_beng
_cYourLibrary
999 _c619152
_d619152